| 000 | 01413nam a22003371i 4500 | ||
|---|---|---|---|
| 001 | ebr10810890 | ||
| 003 | CaPaEBR | ||
| 006 | m o d | ||
| 007 | cr cn||||||||| | ||
| 008 | 131220s2013 enka o 001 0 eng d | ||
| 020 | _a9781782166412 (e-book) | ||
| 020 | _z9781782166405 | ||
| 040 |
_aCaPaEBR _beng _erda _epn _cCaPaEBR |
||
| 035 | _a(OCoLC)868917879 | ||
| 050 | 1 | 4 |
_aHF5548.323.P74 _bR28 2013eb |
| 100 | 1 | _aRavensbergen, Robbert. | |
| 245 | 1 | 0 |
_aPrestashop 1.3 beginner's guide : _bbuild and customize your online store with this speedy, lightweight e-commerce solution / _cRobbert Ravensbergen. |
| 264 | 1 |
_aBirmingham : _bPackt Publishing, _c2013. |
|
| 300 |
_a1 online resource (132 pages) : _billustrations |
||
| 336 |
_atext _2rdacontent |
||
| 337 |
_acomputer _2rdamedia |
||
| 338 |
_aonline resource _2rdacarrier |
||
| 500 | _aIncludes index. | ||
| 588 | _aDescription based on online resource; title from PDF title page (ebrary, viewed December 20, 2013). | ||
| 590 | _aElectronic reproduction. Palo Alto, Calif. : ebrary, 2014. Available via World Wide Web. Access may be limited to ebrary affiliated libraries. | ||
| 650 | 0 | _aElectronic commerce. | |
| 650 | 0 | _aInternet marketing. | |
| 655 | 0 | _aElectronic books. | |
| 797 | 2 | _aebrary. | |
| 856 | 4 | 0 |
_uhttp://site.ebrary.com/lib/rucke/Doc?id=10810890 _zAn electronic book accessible through the World Wide Web; click to view |
| 999 |
_c148418 _d148418 |
||